000 00538nam a2200193Ia 4500
003 GCL
008 140319s9999 xx 000 0 eng d
040 _aGCL /
_cGCL
082 0 4 _aCC
_b362.1
_bK L
100 1 _aKUHNKE,LAVERNE
245 1 0 _aLIVES AT RISK : PUBLIC HEALTH IN NINETEENTH - CENTURY - EGYPT /
_cKUHNKE,LAVERNE
260 _a[S.N] :
_bTHE AMERICAN UNIVERSITY IN CAIRO PRESS ،
_c1992
300 _a233 P
650 0 4 _aEGYPT
650 0 4 _aPUBLIC HEALTH
650 0 4 _aHEALTH
650 0 4 _aSOCIAL SCIENCE
942 _2ddc
_cBK
999 _c16982
_d16982